000
00314nam a22001337a 4500
008
180903b xxu||||| |||| 00| 0 eng d
020
_a
9781581072495
041
_a
eng
080
_a
72
100
_a
41
101
_a
ARK
245
_a
Options Constructing Your House Of Fictions
_c
Blythe.h
942
_2
udc
_c
BK
999
_c
47460
_d
47460